Central Library OPAC University of Rajshahi

সমাজ বিজ্ঞান : (Record no. 38705)

MARC details
000 -LEADER
fixed length control field 01247nam a22002537a 4500
001 - CONTROL NUMBER
control field 38705
003 - CONTROL NUMBER IDENTIFIER
rucl marc code BD-RjUL
005 - DATE AND TIME OF LATEST TRANSACTION
control field 20211209052838.0
008 - FIXED-LENGTH DATA ELEMENTS--GENERAL INFORMATION
fixed length control field 160210r19811980bg ||||| |||| 00| 0 ben d
035 ## - SYSTEM CONTROL NUMBER
System control number (BD-RjUL)38814
040 ## - CATALOGING SOURCE
Original cataloging agency BD-RjUL
Language of cataloging ben
Transcribing agency BD-RjUL
041 ## - LANGUAGE CODE
Language code of text/sound track or separate title ben
082 ## - DEWEY DECIMAL CLASSIFICATION NUMBER
Edition number 22
Classification number B 301
Author mark and year HOS 1981
100 ## - MAIN ENTRY--PERSONAL NAME
Personal name হোসেন, মোহাম্মদ আমীর
9 (RLIN) 119415
245 ## - TITLE STATEMENT
Title সমাজ বিজ্ঞান :
Remainder of title ( প্রথম, দ্বিতীয় ও তৃতীয় পত্র একত্রে ) /
Statement of responsibility, etc. মোহাম্মদ আমীর হোসেন
250 ## - EDITION STATEMENT
Edition statement ৫ম পরিবর্ধিত সং.
260 ## - PUBLICATION, DISTRIBUTION, ETC. (IMPRINT)
Place of publication, distribution, etc. ঢাকা :
Name of publisher, distributor, etc. গ্বোব লাইব্রেরী (প্রা:) লি.,
Date of publication, distribution, etc. ১৯৮০ [পুনর্মুদ্রণ ১৯৮১]
300 ## - PHYSICAL DESCRIPTION
Pagination ৬৪৮ পৃ. ;
Size ২১ সেমি.
500 ## - GENERAL NOTE
General note [ বি-এ ক্লাশের ছাত্র-ছাত্রীদের জন্য লিখিত ]
504 ## - BIBLIOGRAPHY, ETC. NOTE
Bibliography, etc বিবলিওগ্রাফি ও ইনডেক্স অন্তর্ভুক্ত আছে.
650 ## - SUBJECT ADDED ENTRY--TOPICAL TERM
Topical term or geographic name as entry element Sociology
9 (RLIN) 119416
Topical term or geographic name as entry element সমাজ বিজ্ঞান
9 (RLIN) 119417
942 ## - ADDED ENTRY ELEMENTS (KOHA)
Source of classification or shelving scheme Dewey Decimal Classification
Koha item type Books
Holdings
Lost status Source of classification or shelving scheme Damaged status Not for loan Collection code Permanent Location Current Location Shelving location Date acquired Source of acquisition Cost, normal purchase price Total Checkouts Full call number Date last seen Copy number Koha item type
  Dewey Decimal Classification     Non-fiction Central Library, University of Rajshahi Central Library, University of Rajshahi   30/06/1981 55.00 0.00   B 301 HOS 1981 10/02/2016 C-2 Books